Library of the University of Algiers 3
Ibrahim Sultan Cheibout
شعار جامعة الجزائر 3
مكتبة جامعة الجزائر 3
إبراهيم سلطان شيبوط

مفاهيم أساسية في قواعد البيانات / (رقم التسجيلة. 42875)

تفاصيل مارك
000 -LEADER
fixed length control field 01487nam a2200229Ia 4500
003 - CONTROL NUMBER IDENTIFIER
control field Ost
005 - DATE AND TIME OF LATEST TRANSACTION
control field 20260507075110.0
008 - FIXED-LENGTH DATA ELEMENTS--GENERAL INFORMATION
fixed length control field 260507s9999||||xx |||||||||||||| ||und||
040 ## - CATALOGING SOURCE
Transcribing agency fsecg
041 ## - LANGUAGE CODE
Language code of text/sound track or separate title ara
082 ## - DEWEY DECIMAL CLASSIFICATION NUMBER
Classification number 330
100 ## - MAIN ENTRY--PERSONAL NAME
Personal name شلباية، مراد
Relator term مؤلف
245 #0 - TITLE STATEMENT
Title مفاهيم أساسية في قواعد البيانات /
Statement of responsibility, etc. مراد شلباية
260 ## - PUBLICATION, DISTRIBUTION, ETC.
Place of publication, distribution, etc. عمان:
Name of publisher, distributor, etc. دار المسيرة للنشر والتوزيع,
Date of publication, distribution, etc. 2000
300 ## - PHYSICAL DESCRIPTION
Extent 293 صفحة؛
Dimensions 24 سم
520 ## - SUMMARY, ETC.
Summary, etc. يحتوي الكتاب على ثمانية فصول هي كالتالي ،الفصل الاول : نظام معالجة البيانات ( الملفات ) . الفصل الثاني : مفاهيم قواعد البيانات وهيكليتها . الفصل الثالث : نموذج الكينونات والعلاقات . الفصل الرابع : قواعد البيانات العلائقية . الفصل الخامس : استخدام لغة الاسترجاع . الفصل السابع : مقدمة الى اكسس . الفصل الثامن : المفاهيم الاساسية في ميكروسوفت اكسس . الفصل التاسع : الجداول . الفصل العاشر : العلاقات . الفصل الحادي عشر : النماذج
653 ## - INDEX TERM--UNCONTROLLED
Uncontrolled term الحاسوب
653 ## - INDEX TERM--UNCONTROLLED
Uncontrolled term قواعد البيانات
700 ## - ADDED ENTRY--PERSONAL NAME
Personal name نهلة، درويش
Relator term مؤلف ثانوي
700 ## - ADDED ENTRY--PERSONAL NAME
Personal name وائل، أبو مغلي
Relator term مؤلف ثانوي
942 ## - ADDED ENTRY ELEMENTS (KOHA)
Koha item type كتب
المقتنيات
Withdrawn status Lost status Source of classification or shelving scheme Damaged status Not for loan Home library Current library Date acquired Serial enumeration / chronology Inventory number Total checkouts Full call number Barcode Date last seen Price effective from Koha item type
    Dewey Decimal Classification   NOT LOAN / إعارة داخلية مكتبة كلية العلوم الإقتصادية والعلوم التجارية وعلوم التسيير مكتبة كلية العلوم الإقتصادية والعلوم التجارية وعلوم التسيير 07/05/2026 الطابق الأرضي 1/1/1475   أ/1475ج1ن1 1/1/1475 07/05/2026 07/05/2026 كتب
    Dewey Decimal Classification   Available مكتبة كلية العلوم الإقتصادية والعلوم التجارية وعلوم التسيير مكتبة كلية العلوم الإقتصادية والعلوم التجارية وعلوم التسيير 07/05/2026 الطابق الأرضي 1/2/1475   أ/1475ج2ن1 1/2/1475 07/05/2026 07/05/2026 كتب

موارد الويب المفتوحة


© University of Algiers 3 All Rights Reserved
|
Implemented by LECHELAH Riad